| 000 | 00649nam a2200217 4500 | ||
|---|---|---|---|
| 001 | 125911 | ||
| 003 | ES-MaACL | ||
| 005 | 20230906192723.0 | ||
| 007 | t| | ||
| 008 | 070214s1958 sp r ||||1| spa d | ||
| 100 | 1 |
_aRaynolds, Robert. _995650 |
|
| 245 | 1 | 3 |
_aUn pecador camina hacia la eternidad / _cRobert Raynolds ; versión española de E. García. |
| 250 | _a1ª. ed. | ||
| 260 |
_aBarcelona : _bLuis de Caralt, _c1958. |
||
| 300 |
_a544 p. ; _c20 cm. |
||
| 490 | 1 | _aLa novela histórica | |
| 700 | 1 |
_aGarcía, E. _954013 |
|
| 830 | 0 |
_aLa novela histórica _9182621 |
|
| 852 |
_aES-MaACL _jC-16210 _bR.43196 |
||
| 999 |
_c125911 _d125911 |
||